{"text_format":"3","workbook":"xls","n_sheets":1,"sheets":["Sheet1"],"read":"whole","date_system":"1900","formulas":"cached_only"}

{"sheet":"Sheet1","index":0,"n_rows":59,"n_cols":6,"rows_kept":59,"flags":["formulas_cached_only"]}
["子目号","子目名称","单位","数量","单价","合价"]
["101-1-a","按合同条款规定，提供建筑工程一切险","总额",1,626431,626431]
["101-1-b","按合同条款规定，提供第三者责任险","总额",1,375859,375859]
["102-3","安全生产费","总额",1,1302863,1302863]
["102-5","交通管制经费","总额",1,100000,100000]
["103-1","临时道路修建、养护与拆除（包括原道路的养护费）","总额",1,50000,50000]
["103-2","临时占地","总额",1,57350,57350]
["103-3-a","设施架设、拆除","总额",1,638406,638406]
["103-3-b","设施维修","总额",1,50000,50000]
["103-4","电讯设施的提供、维修与拆除","总额",1,50000,50000]
["104-1","承包人驻地建设","总额",1,200000,200000]
["203-1-a","挖土方","m3",524213.67,7.53,3947329]
["203-1-d","挖淤泥","m3",51899.4,9.27,481107]
["204-1-b","利用土方","m3",461954.67,3.51,1621461]
["204-1-e","借土填方","m3",0,11.65,0]
["204-1-g-4","回填粗粒土","m3",10600,9.25,98050]
["204-1-j","换填砂砾","m3",226076.4,31.58,7139493]
["205-1-o-1","单向格栅","m2",16350,14.96,244596]
["206-2","整修边坡","km",7.7,124282.34,956974]
["207-1-b","浆砌片石边沟","m3",1620,109.6,177552]
["207-2-a","浆砌片石排水沟","m3",7388,131.02,967976]
["207-3-a","浆砌片石截水沟","m3",1690,109.6,185224]
["207-4-a","浆砌片石急流槽","m3",1559,101.92,158894]
["208-1-a","种草","m2",90092.42,3.32,299108]
["208-3-a","拱形护坡","m3",12071.64,126.53,1527426]
["208-3-c","实体式浆砌片石护坡","m3",1286.6,126.53,162794]
["208-4-b-1","预制空心砖护坡","m3",436.53,416.73,181916]
["209-1-a","M...浆砌片(块)石","m3",5072.7,137.85,699271]
["403-1-a","光圆钢筋(HPB235、HPB300)","kg",10410.8,5.18,53932]
["403-1-b","带肋钢筋(HRB335、HRB400)","kg",364211,5.18,1886620]
["403-2-a","光圆钢筋(HPB235、HPB300)","kg",5164.4,5.37,27732]
["403-2-b","带肋钢筋(HRB335、HRB400)","kg",327920.57,5.44,1783896]
["403-3-a","光圆钢筋(HPB235、HPB300)","kg",142422.38,5.52,786149]
["403-3-b","带肋钢筋(HRB335、HRB400)","kg",535258.62,5.63,3013533]
["403-4-a","光圆钢筋(HPB235、HPB300)","kg",245.48,5.02,1232]
["403-4-b","带肋钢筋(HRB335、HRB400)","kg",31500.6,5.35,168539]
["404-1","干处挖土方","M3",967.2,25.9,25050]
["405-1-a-1","桩径1.2m","m",180,1564.6,281628]
["405-1-b-5","桩径1.5m","m",384,2983.69,1145740]
["405-1-b-6","桩径1.6m","m",864,4177.78,3609608]
["410-1-b","C25混凝土","M3",1191.9,464.99,554227]
["410-1-c","C30混凝土","m3",1511.33,518.88,784211]
["410-2-a","C25混凝土","M3",29.1,450.11,13098]
["410-2-b","C30混凝土","m3",1605.16,358.97,576212]
["410-2-c","C35混凝土","M3",769.2,519.25,399409]
["410-6-c","C30混凝土","M3",147.6,526.78,77749]
["410-6-h","C50小石子混凝土","M3",10.32,527.65,5437]
["410-7-c","C50混凝土","m3",17.3,1001.23,17321]
["411-5","后张法预应力钢绞线","kg",108144,11.88,1284743]
["411-7-a","C50混凝土","M3",551.37,1017.08,560796]
["411-8-a","C50混凝土","M3",2602.21,1461.17,3802275]
["411-10-b","预制安装预应力混凝土空心板8m","块",18,3478.9,62620]
["413-1","桥梁锥坡","座",2,1636.1,3272]
["413-1-a","M7.5浆砌片石","M3",73.79,126.53,9336]
["413-2-a","台背回填中粗砂","m3",1141.8,43.8,50011]
["417-5-a","(20cm×20cm×3cm)","块",96,400,25600]
["418-1-b","1-2.00m×2.00m盖板涵","m",111.07,2605.26,289366]
["418-1-c","1-4.00m×3.00m盖板涵","m",81.86,5238.45,428820]
["418-3-c","1-Ф1.5m以内圆管涵","m",227.37,889.76,202306]